Ghaib! : "Misteri Yang Tidak Terungkai Oleh Logik Akal

Bibliographic Details
Format: Book
Published: Kuala Lumpur : Tinta Rona Publications Sdn.Bhd. , 2007
Subjects:

MARC

LEADER 00000cam a2200000 7i4500
001 0000057719
005 20090220.0
008 090220 bm
020 |a 9833514243 
090 0 0 |a F GHA 
245 0 0 |a Ghaib! :   |b "Misteri Yang Tidak Terungkai Oleh Logik Akal   |c Diselenggarakan Oleh Rozlan Mohamed Nor 
260 |a Kuala Lumpur :   |b Tinta Rona Publications Sdn.Bhd. ,   |c 2007 
300 |a 185p. ;   |c 17cm. 
650 0 0 |a Malay Fiction 
999 |a 285817   |b Buku   |c Rak Terbuka   |e Perbadanan Perpustakaan Awam Melaka 
999 |a 285818   |b Buku   |c Rak Terbuka   |e Perpustakaan Cawangan Masjid Tanah 
999 |a 285819   |b Buku   |c Rak Terbuka   |e Perpustakaan Cawangan Merlimau 
999 |a 285821   |b Buku   |c Rak Terbuka   |e Perbadanan Perpustakaan Awam Melaka 
999 |a 285822   |b Buku   |c Rak Terbuka   |e Perbadanan Perpustakaan Awam Melaka 
999 |a 320548   |b Buku   |c Rak Terbuka   |e Perbadanan Perpustakaan Awam Melaka 
999 |a 320549   |b Buku   |c Rak Terbuka   |e Perbadanan Perpustakaan Awam Melaka